| 000 | 00890nam a2200229 a 4500 | ||
|---|---|---|---|
| 008 | 200710s2018 ||||||||||||||||| || u | ||
| 020 | _a9781108462273 | ||
| 050 | _aHM 741 Noo | ||
| 100 | _aNooy, Wouter de | ||
| 245 | 1 | 0 |
_aExploratory social network analysis with Pajek _cBy Wouter de Nooy; Andrej Mrvar; Vladimir Batagelj |
| 250 | _a3rd edition | ||
| 260 |
_aCambridge _bCambridge University Press _c2018 |
||
| 300 | _axxx, 455 pages : illustrations | ||
| 490 | _aStructural analysis in the social sciences | ||
| 490 | _v46 | ||
| 650 | 0 | _aSOCIAL NETWORKS | |
| 650 | _aSOCIAL NETWOKS--MATHEMATICAL MODELS | ||
| 650 | _aPAJEK (ELECTRONIC RESOURCE) | ||
| 700 | _aBatagelj, Vladimir | ||
| 700 | _aMrvar, Andrej | ||
| 995 |
_D52.81 _FCBU-MAIN LIBRARY (Kitwe) _M1 _UAVAILABLE _WJul 16, 2020 _ZMain Library Open Access Collection |
||
| 999 |
_c42946 _d42946 |
||